| 000 | 00414nam a2200181Ia 4500 | ||
|---|---|---|---|
| 001 | 3113 | ||
| 005 | 20260306144856.0 | ||
| 008 | 260306t1919||||xx |||||||||||||| ||spa|| | ||
| 041 | _aESP | ||
| 082 |
_a254.985 _bG23 |
||
| 100 |
_aGarcía Jordán, Pilar _eAUT |
||
| 245 | 0 | _aIglesia y poder | |
| 260 | _c1919 | ||
| 300 |
_a393 páginas : _c24 cm. |
||
| 650 | _aGEN | ||
| 654 | _aCHU | ||
| 942 |
_cLIB _dJUS _fJUS _2ddc _n |
||
| 999 |
_c3113 _d3113 |
||